[Event "Nuremberg Zabo op 23rd"]
[Site "Nuremberg"]
[Date "2023.09.16"]
[Round "3"]
[White "Blumenthal, Benjamin"]
[Black "Bharathula, Akhila"]
[Result "1-0"]
[WhiteElo "1759"]
[BlackElo "1272"]
[PlyCount "189"]
[EventDate "2023.09.15"]
[EventType "swiss"]
[EventRounds "5"]
[EventCountry "GER"]
[SourceTitle "EXT 2024"]
[Source "ChessBase"]
[SourceDate "2023.10.10"]
[SourceVersion "1"]
[SourceVersionDate "2023.10.10"]
[SourceQuality "1"]

1. c4 b6 2. Nc3 Bb7 3. e4 e5 4. Nf3 Nc6 5. d3 Bc5 6. a3 a5 7. Be3 Bd6 8. Nb5 Be7 9. Rc1 d6 10. Be2 Nf6 11. h3 0-0 12. 0-0 h6 13. Nh2 Nh7 14. Bg4 Bg5 15. f4 exf4 16. Bxf4 Ne5 17. Be2 c6 18. Nc3 Bxf4 19. Rxf4 d5 20. exd5 cxd5 21. Qf1 Qd7 22. Rd4 Nf6 23. cxd5 Nc6 24. Bg4 Qd8 25. Rf4 Nxd5 26. Nxd5 Qxd5 27. Bf3 Qd6 28. Be4 Rab8 29. Ng4 Ne7 30. Bxb7 Rxb7 31. Qf3 Rd7 32. d4 Ng6 33. Ne5 Nxf4 34. Nxd7 Qxd4+ 35. Kh1 Qxd7 36. Qxf4 Qe6 37. Qf3 Re8 38. Qf2 Qe3 39. Qc2 Qe6 40. a4 Qe4 41. Qb3 Rb8 42. Rf1 Qe6 43. Qg3 Rd8 44. Re1 Qd6 45. Qh4 f6 46. Qc4+ Kh8 47. Re6 Qd1+ 48. Kh2 Qd4 49. Qxd4 Rxd4 50. Rxb6 Rxa4 51. Ra6 Rb4 52. Rxa5 Rxb2 53. Kg3 Rb4 54. Kf3 Kh7 55. Ke3 Kg6 56. Ra7 f5 57. Kf3 Kf6 58. Ra6+ Kg5 59. Ra5 Rf4+ 60. Ke3 h5 61. g3 Re4+ 62. Kf3 g6 63. Rb5 Rc4 64. h4+ Kh6 65. Rb7 Rg4 66. Rf7 g5 67. Rf6+ Kg7 68. Rxf5 gxh4 69. Rxh5 hxg3 70. Kxg4 g2 71. Rg5+ Kf6 72. Kf4 g1Q 73. Rxg1 Ke6 74. Rg5 Kd6 75. Ke4 Kc6 76. Kd4 Kb6 77. Kc4 Ka6 78. Kb4 Kb6 79. Rg6+ Kc7 80. Kc5 Kd7 81. Kd5 Ke7 82. Re6+ Kd7 83. Rh6 Ke7 84. Ra6 Kf7 85. Ke5 Kg7 86. Kf5 Kh7 87. Kg5 Kg7 88. Ra7+ Kf8 89. Kf6 Ke8 90. Rh7 Kd8 91. Ke6 Kc8 92. Kd6 Kb8 93. Kc6 Ka8 94. Kb6 Kb8 95. Rh8# 1-0

[Event "GER-ch U10 Girls"]
[Site "Willingen"]
[Date "2023.05.30"]
[Round "5"]
[White "Braeutigam, Viktoria"]
[Black "Bharathula, Akhila"]
[Result "0-1"]
[WhiteElo "770"]
[BlackElo "1117"]
[PlyCount "110"]
[EventDate "2023.05.27"]
[EventType "swiss"]
[EventRounds "11"]
[EventCountry "GER"]
[SourceTitle "CBM 214 Extra"]
[Source "ChessBase"]
[SourceDate "2023.07.31"]
[SourceVersion "1"]
[SourceVersionDate "2023.07.31"]
[SourceQuality "1"]

1. e4 e5 2. Nf3 Nc6 3. Bc4 Bc5 4. d3 h6 5. c3 d6 6. d4 exd4 7. cxd4 Bb4+ 8. Nbd2 Bg4 9. 0-0 Nxd4 10. a3 Bxd2 11. Qxd2 Bxf3 12. Qxd4 Bh5 13. Qxg7 Qf6 14. Qxf6 Nxf6 15. Bd2 Rg8 16. g3 0-0-0 17. Be3 Nxe4 18. Bxa7 b6 19. a4 Kb7 20. Bd3 Nc5 21. Bh7 Rg7 22. b4 Kxa7 23. Bc2 Nb7 24. Rfb1 Bg6 25. Bxg6 fxg6 26. a5 b5 27. Rc1 Re8 28. Rc6 Nd8 29. Rc3 c6 30. a6 Ka8 31. Rca3 Ra7 32. f4 Re4 33. Kf2 Rxb4 34. Kg2 Rb2+ 35. Kh3 c5 36. g4 b4 37. Rf3 c4 38. f5 gxf5 39. gxf5 Rb3 40. Raf1 Rxf3+ 41. Rxf3 Rf7 42. Kg4 b3 43. f6 b2 44. Rf1 c3 45. Kf5 c2 46. h4 b1Q 47. Rxb1 cxb1Q+ 48. Kf4 Rxf6+ 49. Ke3 Qe1+ 50. Kd4 Qd2+ 51. Ke4 Re6+ 52. Kf3 Qe3+ 53. Kg4 Rg6+ 54. Kf5 Qd3+ 55. Kf4 Ne6# 0-1

[Event "GER-ch U10 Girls"]
[Site "Willingen"]
[Date "2023.05.29"]
[Round "4"]
[White "Bayer, Klara"]
[Black "Bharathula, Akhila"]
[Result "1-0"]
[WhiteElo "1043"]
[BlackElo "1117"]
[PlyCount "143"]
[EventDate "2023.05.27"]
[EventType "swiss"]
[EventRounds "11"]
[EventCountry "GER"]
[SourceTitle "CBM 214 Extra"]
[Source "ChessBase"]
[SourceDate "2023.07.31"]
[SourceVersion "1"]
[SourceVersionDate "2023.07.31"]
[SourceQuality "1"]

1. e4 d5 2. exd5 Qxd5 3. Nc3 Qd6 4. d4 a6 5. Nf3 Nf6 6. Bd3 Bg4 7. Be3 Nbd7 8. h3 Bh5 9. Be2 e6 10. Qd2 Be7 11. Bf4 Qb6 12. 0-0 0-0 13. Rab1 c5 14. Na4 Qa7 15. dxc5 Nxc5 16. Be3 Nce4 17. Qa5 Bd8 18. Qxd8 Rfxd8 19. Bxa7 Bxf3 20. Bxf3 Rxa7 21. Rbd1 Raa8 22. Rfe1 b5 23. Nb6 Rab8 24. Rxd8+ Rxd8 25. Bxe4 Nxe4 26. Rxe4 Rd2 27. Kf1 Rxc2 28. Rd4 g6 29. Rb4 Kf8 30. Ke1 Ke7 31. a4 Rc6 32. a5 Rc2 33. b3 Ra2 34. Rh4 Rxa5 35. Rxh7 Ra3 36. b4 Rb3 37. Rh4 Rb2 38. Rd4 Kf6 39. Rf4+ Ke5 40. g3 f6 41. Nd7+ Kd6 42. Nxf6 Kc6 43. Re4 Kd6 44. h4 Ke7 45. Rf4 e5 46. Rf3 Rxb4 47. Nd5+ Ke6 48. Nxb4 a5 49. Nc2 e4 50. Re3 Kf5 51. Nd4+ Kg4 52. Rxe4+ Kh5 53. Nxb5 g5 54. hxg5 Kxg5 55. f4+ Kg4 56. Kf2 Kf5 57. Re8 Kg6 58. g4 Kf7 59. Re1 Kf8 60. g5 Kg7 61. f5 Kf7 62. Nd6+ Kg7 63. Re7+ Kf8 64. f6 Kg8 65. g6 a4 66. Rg7+ Kf8 67. Rf7+ Kg8 68. g7 Kh7 69. Rf8 a3 70. g8Q+ Kh6 71. Rf7 a2 72. Rh7# 1-0

[Event "GER-ch U10 Girls"]
[Site "Willingen"]
[Date "2023.05.29"]
[Round "3"]
[White "Bharathula, Akhila"]
[Black "Greither, Flora"]
[Result "0-1"]
[WhiteElo "1117"]
[BlackElo "978"]
[PlyCount "128"]
[EventDate "2023.05.27"]
[EventType "swiss"]
[EventRounds "11"]
[EventCountry "GER"]
[SourceTitle "CBM 214 Extra"]
[Source "ChessBase"]
[SourceDate "2023.07.31"]
[SourceVersion "1"]
[SourceVersionDate "2023.07.31"]
[SourceQuality "1"]

1. e4 e5 2. Nc3 Nf6 3. Bc4 Nc6 4. d3 Be7 5. Nge2 d6 6. 0-0 0-0 7. f4 Na5 8. Bb3 Nxb3 9. axb3 Bg4 10. fxe5 dxe5 11. h3 Bh5 12. Be3 a6 13. d4 exd4 14. Qxd4 Qe8 15. e5 Rd8 16. Qf4 Nd5 17. Qg3 Nxe3 18. Qxe3 b6 19. Qf4 h6 20. Rad1 Bg5 21. Rxd8 Qxd8 22. Qg3 Bh4 23. Qd3 Qg5 24. Ne4 Qe7 25. Nf4 Qxe5 26. g3 Be7 27. Nxh5 Qxh5 28. Qd7 Bc5+ 29. Kg2 Qe2+ 30. Nf2 Qxc2 31. Qd1 Qxb2 32. Qb1 Qxb1 33. Rxb1 Re8 34. Nd3 Re2+ 35. Kf1 Re3 36. Nxc5 bxc5 37. Kf2 Rc3 38. Ra1 Rxb3 39. Rxa6 c4 40. Rc6 c3 41. Ke2 Rb2+ 42. Kd1 c2+ 43. Kc1 Rb6 44. Rxc7 Rb3 45. Kxc2 Rxg3 46. Kd2 Rxh3 47. Ke2 g5 48. Kf2 g4 49. Kg2 f5 50. Rc4 Rf3 51. Rc6 h5 52. Rc5 h4 53. Rc8+ Kg7 54. Rc7+ Kf6 55. Rc6+ Ke5 56. Rc5+ Kf4 57. Rc4+ Kg5 58. Rc1 h3+ 59. Kh2 Kh4 60. Rc4 f4 61. Rc8 g3+ 62. Kh1 g2+ 63. Kg1 Rf1+ 64. Kh2 g1Q# 0-1